Jumping Slideshow! Quiz Stats

Quiz Updated Sep 27, 2016

Challenge
Share
Tweet
Score 0/16 Timer 04:00
0 Plays Today
% Correct
Orca
99.7%
Frog
98.8%
Rabbit
94.5%
Horse
94.3%
Fox
94.2%
Cat
94%
Kangaroo
93.9%
Trampoline
92.4%
% Correct
Pogo Stick
89.8%
Bungee Jumping
87%
Jumping Jacks
86.4%
High Jumper
83.6%
21 Jump Street
70.5%
Jumperoo
67.9%
Van Halen
59.2%
Kris Kross
41%

You're not logged in!

Compare scores with friends on all Sporcle quizzes.
Sign Up with Email
OR
Log In

You Might Also Like...

Show Comments

Extras

Top Quizzes Today


Score Distribution

Your Account Isn't Verified!

In order to create a playlist on Sporcle, you need to verify the email address you used during registration. Go to your Sporcle Settings to finish the process.